Junk food wars (Record no. 1243)

MARC details
000 -LEADER
fixed length control field 01244cgm a2200349Ia 4500
003 - CONTROL NUMBER IDENTIFIER
control field data
005 - DATE AND TIME OF LATEST TRANSACTION
control field 20260322212052.0
007 - PHYSICAL DESCRIPTION FIXED FIELD--GENERAL INFORMATION
fixed length control field data
008 - FIXED-LENGTH DATA ELEMENTS--GENERAL INFORMATION
fixed length control field data
020 ## - INTERNATIONAL STANDARD BOOK NUMBER
International Standard Book Number 142131939X
020 ## - INTERNATIONAL STANDARD BOOK NUMBER
International Standard Book Number 9781421319391
028 42 - PUBLISHER OR DISTRIBUTOR NUMBER
Publisher or distributor number 34591
Source Cambridge Educational
037 ## - SOURCE OF ACQUISITION
Source of stock number/acquisition Midwest Tapes
Note http://www.midwesttapes.com
040 ## - CATALOGING SOURCE
Original cataloging agency TEFMT
Transcribing agency TEFMT
Modifying agency UAB
-- RCS
-- UAB
050 14 - LIBRARY OF CONGRESS CALL NUMBER
Classification number TP370
Item number .J865 2006
099 ## - LOCAL FREE-TEXT CALL NUMBER (OCLC)
Classification number DVD QU 145 J865
001 - CONTROL NUMBER
control field data
245 10 - TITLE STATEMENT
Title Junk food wars
Medium [videorecording].
260 ## - PUBLICATION, DISTRIBUTION, ETC.
Place of publication, distribution, etc. Lawrenceville, N.J. :
Name of publisher, distributor, etc. Cambridge Educational,
Date of publication, distribution, etc. [2006]
300 ## - PHYSICAL DESCRIPTION
Extent 1 videodisc (ca. 30 min.) :
Other physical details sd., col. ;
Dimensions 4 3/4 in.
520 ## - SUMMARY, ETC.
Summary, etc. This high-energy video shows how to defend against the dangers of junk food. Straightforward discussions and dramatizations arm students with a wealth of information on the updated 2005 food pyramid, how to read ingredient labels, and more.
538 ## - SYSTEM DETAILS NOTE
System details note DVD, region 1; Dolby Digital.
546 ## - LANGUAGE NOTE
Language note Closed-captioned.
650 #0 - SUBJECT ADDED ENTRY--TOPICAL TERM
Topical term or geographic name entry element Snack foods.
650 #0 - SUBJECT ADDED ENTRY--TOPICAL TERM
Topical term or geographic name entry element Films for the hearing impaired.
650 #0 - SUBJECT ADDED ENTRY--TOPICAL TERM
Topical term or geographic name entry element Junk food.
650 #0 - SUBJECT ADDED ENTRY--TOPICAL TERM
Topical term or geographic name entry element Convenience foods.
650 #0 - SUBJECT ADDED ENTRY--TOPICAL TERM
Topical term or geographic name entry element Children
General subdivision Nutrition.
650 #0 - SUBJECT ADDED ENTRY--TOPICAL TERM
Topical term or geographic name entry element Food industry and trade.
655 #0 - INDEX TERM--GENRE/FORM
Genre/form data or focus term Educational videos.
720 2# - ADDED ENTRY--UNCONTROLLED NAME
Name Cambridge Educational (Firm)
Holdings
Withdrawn status Lost status Damaged status Not for loan Home library Current library Shelving location Date acquired Total checkouts Full call number Barcode Date last seen Price effective from Koha item type
        Franklin Franklin General stacks 22/03/2026   TP370 .J865 2006 BC0011284 22/03/2026 22/03/2026 Books